000 00681nam a2200205 4500
010 _aB-316867
020 _a9781403992789
_c00.00
035 _aB-316867
037 _aCen Lib/Ret
040 _aDPL
_bEN
082 _a050
_bSTA
245 _aThe statesman's yearbook 2009 :
_b the politics, cultures and economies of the world /
_cedited by Barry Turner
260 _aBasingstoke
_bPalgrave Macmillan
_c2008
270 _bBasingstoke
300 _axxxi, 1573p.
_b23cm
_cill
650 _aWorld politics -- 21st century -- Periodicals.
650 _aEconomic history -- 21st century -- Periodicals.
700 _aBarry Turner
942 _2ddc
_cEN
_h050
_mSTA
999 _c136392
_d136392